Πάλι ξεχείλισες τρελλή καρδιά : ποιήματα

Αποθηκεύτηκε σε:
Λεπτομέρειες βιβλιογραφικής εγγραφής
Κύριος συγγραφέας: Emre, Yunus
Άλλοι συγγραφείς: Μήλλας, Ηρακλής, 1940- (Μεταφραστής)
Μορφή: Βιβλίο
Γλώσσα:Greek
Turkish
Δημοσίευση: Αθήνα : Φλώρος, [19-?]
Θέματα:
Ετικέτες: Προσθήκη ετικέτας
Δεν υπάρχουν, Καταχωρήστε ετικέτα πρώτοι!

MARC

LEADER 00000cam a2200000 i 4500
001 1/36110
008 030526q1999 gre d
020 |a 960-7178-05-X 
035 |l 10070003 
040 |a GR-MY-UA  |b gre  |e aacr 
041 0 |a gre  |a tur 
082 0 |a 894.351 
100 1 |a Emre, Yunus. 
245 1 0 |a Πάλι ξεχείλισες τρελλή καρδιά :  |b ποιήματα /  |c Γιουνούς Εμρέ ; μετάφραση από τα τουρκικά και εισαγωγή Ηρακλής Μήλλας 
260 |a Αθήνα :   |b Φλώρος,   |c [19-?] 
300 |a 147 σ. 
650 0 0 |a Turkish poetry. 
700 1 |a Μήλλας, Ηρακλής,   |d 1940-  |4 trl 
852 |a INST  |b RHODES  |e 20030526  |h 894.351 EMR  |p 005400020506  |q 005400020506  |t BK  |y 0 
901 |a BIBL4-2003-2 
970 |a ΚΟΥΛΑΚΙΟΤΗ  |b ΛΙΤΣΑ  |z 2003/05/26